=LDR 00000nam 2200000 4500 =001 INLIS000000000041341 =005 20130612150900 =008 ***********************************ind** =035 ##$$0010-061300000041341 =041 ##$$a ind =082 ##$$a R.070.449 34 =090 ##$$a R.070.449 34, Maj m =245 ##$$a Majalah konstitusi no 44 - September 2010 =260 ##$$a 2010 $b Jakarta =300 ##$$a 78 hlm, ilus, 27 cm =650 ##$$a Jurnalisme Hukum =710 ##$$a Mahkamah Konstitusi =850 ##$$a NNT-CD